|
|
|
|
| LEADER |
02884nam a22005535i 4500 |
| 001 |
978-3-642-13784-6 |
| 003 |
DE-He213 |
| 005 |
20151204145149.0 |
| 007 |
cr nn 008mamaa |
| 008 |
100614s2010 gw | s |||| 0|eng d |
| 020 |
|
|
|a 9783642137846
|9 978-3-642-13784-6
|
| 024 |
7 |
|
|a 10.1007/978-3-642-13784-6
|2 doi
|
| 040 |
|
|
|d GrThAP
|
| 050 |
|
4 |
|a TK7885-7895
|
| 072 |
|
7 |
|a UY
|2 bicssc
|
| 072 |
|
7 |
|a COM059000
|2 bisacsh
|
| 082 |
0 |
4 |
|a 621.39
|2 23
|
| 245 |
1 |
0 |
|a Software Engineering Approaches for Offshore and Outsourced Development
|h [electronic resource] :
|b 4th International Conference, SEAFOOD 2010, St. Petersburg, Russia, June 17-18, 2010. Proceedings /
|c edited by Martin Nordio, Mathai Joseph, Bertrand Meyer, Andrey Terekhov.
|
| 264 |
|
1 |
|a Berlin, Heidelberg :
|b Springer Berlin Heidelberg,
|c 2010.
|
| 300 |
|
|
|a IX, 97 p. 16 illus.
|b online resource.
|
| 336 |
|
|
|a text
|b txt
|2 rdacontent
|
| 337 |
|
|
|a computer
|b c
|2 rdamedia
|
| 338 |
|
|
|a online resource
|b cr
|2 rdacarrier
|
| 347 |
|
|
|a text file
|b PDF
|2 rda
|
| 490 |
1 |
|
|a Lecture Notes in Business Information Processing,
|x 1865-1348 ;
|v 54
|
| 505 |
0 |
|
|a Invited Keynote Speakers -- A Smarter Way: The Software Engineering Method and Theory Initiative (Semat) -- The Consortium for IT Software Quality -- Full Papers -- Reconciling Offshore Outsourcing with Model Based Testing -- Argentina’s Offshore Software Industry – Opportunities and Challenges -- Model-Based Task Allocation in Distributed Software Development -- The Economics of Hiring and Staff Retention for an IT Company in Russia -- Short Papers -- Global Software Project Management: A Case Study -- The Catalan Government Prequalification Strategy for Software Development Suppliers -- On Knowledge Services for Outsourcing Professional Development -- A Structured Framework for Managing Offshore Outsourcing Risks on Software Support Projects.
|
| 650 |
|
0 |
|a Computer science.
|
| 650 |
|
0 |
|a Organization.
|
| 650 |
|
0 |
|a Planning.
|
| 650 |
|
0 |
|a Software engineering.
|
| 650 |
|
0 |
|a Management information systems.
|
| 650 |
|
0 |
|a Computer engineering.
|
| 650 |
1 |
4 |
|a Computer Science.
|
| 650 |
2 |
4 |
|a Computer Engineering.
|
| 650 |
2 |
4 |
|a Software Engineering/Programming and Operating Systems.
|
| 650 |
2 |
4 |
|a Organization.
|
| 650 |
2 |
4 |
|a Management of Computing and Information Systems.
|
| 650 |
2 |
4 |
|a Software Engineering.
|
| 700 |
1 |
|
|a Nordio, Martin.
|e editor.
|
| 700 |
1 |
|
|a Joseph, Mathai.
|e editor.
|
| 700 |
1 |
|
|a Meyer, Bertrand.
|e editor.
|
| 700 |
1 |
|
|a Terekhov, Andrey.
|e editor.
|
| 710 |
2 |
|
|a SpringerLink (Online service)
|
| 773 |
0 |
|
|t Springer eBooks
|
| 776 |
0 |
8 |
|i Printed edition:
|z 9783642137839
|
| 830 |
|
0 |
|a Lecture Notes in Business Information Processing,
|x 1865-1348 ;
|v 54
|
| 856 |
4 |
0 |
|u http://dx.doi.org/10.1007/978-3-642-13784-6
|z Full Text via HEAL-Link
|
| 912 |
|
|
|a ZDB-2-SCS
|
| 950 |
|
|
|a Computer Science (Springer-11645)
|